Statistics for Most expensive football transfers - Swedish players

Click here to take the quiz!

General Stats

  • This quiz has been taken 21 times
  • The average score is 9 of 10

Answer Stats

Fee (M €)SeasonLeftJoinedPlayer% Correct
69,502009-2010InterBarcelonaZlatan Ibrahimović
100%
24,802006-2007JuventusInterZlatan Ibrahimović
100%
24,002011-2012BarcelonaAC MilanZlatan Ibrahimović
100%
21,002012-2013AC MilanParis SGZlatan Ibrahimović
100%
70,002022-2023Real SociedadNewcastleAlexander Isak
95%
39,002019-2020Atalanta BCJuventusDejan Kulusevski
81%
30,002023-2024JuventusTottenhamDejan Kulusevski
81%
35,002017-2018BenficaManchester UnitedVictor Lindelöf
81%
17,502023-2024Manchester UnitedNottingham ForestAnthony Elanga
67%
21,002023-2024CoventrySporting CPViktor Gyökeres
52%

Score Distribution

Percentile by Number Answered

Percent of People with Each Score

Your Score History

You have not taken this quiz